000 00959nac a22002537a 4500
001 BR8502350
003 BR-BrBNA
005 20240105120318.0
008 230509b bl.|||m| |||| 00| 0 por d
040 _aBR-BrBNA
_bpor
_cBiblioteca Nacional de Agricultura
072 _aP40
090 _aP40 BR8502350
110 1 _aUniversidade Estadual Paulista Julio de Mesquita Filho, Botucatu, SP (Brasil). Faculdade de Ciencias Agronomicas
_910680
245 1 _aAnuario meteorologico 1984 [Universidade Estadual Paulista Julio de Mesquita Filho]
260 3 _aBotucatu, SP (Brasil):
_c[nd].
300 _a29 p.
490 _aAnuario Meteorologico - Universidade Estadual Paulista Julio de Mesquita Filho. Faculdade de Ciencias Agronomicas (Brazil)
_v
_x
500 _aPublished 1984?; 28 tables
650 _aMETEOROLOGIA
650 _aCLIMATOLOGIA
650 _aBALANCO HIDRICO
909 _a202312
_bLúcia Elande
_c55
_dLúcia Elande
942 _2AGRIS
_n0
_cMS
999 _c278811
_d278811